[Event "Crete-chT"]
[Site "Crete"]
[Date "2018.04.28"]
[Round "6.18"]
[White "Tolias, Fotis"]
[Black "Marountas, Ioannis"]
[Result "0-1"]
[WhiteElo "1852"]
[BlackElo "2001"]
[PlyCount "166"]
[EventDate "2018.04.09"]
[EventType "team-tourn"]
[EventRounds "7"]
[EventCountry "GRE"]
[SourceTitle "EXT 2019"]
[Source "ChessBase"]
[SourceDate "2018.10.10"]
[SourceVersion "1"]
[SourceVersionDate "2018.10.10"]
[SourceQuality "1"]

1. e4 Nf6 2. e5 Nd5 3. c4 Nb6 4. c5 Nd5 5. Bc4 e6 6. Nc3 Nxc3 7. dxc3 Nc6 8. Nf3 Bxc5 9. 0-0 Be7 10. Bd3 d6 11. Qe2 Nxe5 12. Nxe5 dxe5 13. Rd1 Bd6 14. Qg4 Kf8 15. c4 Qe7 16. Be3 f5 17. Qh5 Qf7 18. Qh4 Be7 19. Bg5 Bxg5 20. Qxg5 Qe7 21. Qh5 Bd7 22. Rd2 Be8 23. Qf3 Bc6 24. Qh5 Qf7 25. Qg5 Qg6 26. Qxg6 hxg6 27. b4 Rd8 28. b5 Be4 29. Rad1 Bxd3 30. Rxd3 Ke7 31. Kf1 Rxd3 32. Rxd3 Rd8 33. Ra3 Ra8 34. Rg3 a6 35. Rxg6 Kf7 36. Rg3 axb5 37. cxb5 Rxa2 38. Rc3 c6 39. bxc6 bxc6 40. Rxc6 g5 41. f3 Ra4 42. Kf2 e4 43. Rc3 Ra2+ 44. Kf1 exf3 45. Rxf3 g4 46. Rg3 Kf6 47. h3 gxh3 48. Rxh3 Ke5 49. Rh5 Ke4 50. Rh4+ Ke3 51. Rh3+ Kf4 52. Rf3+ Ke4 53. Rb3 e5 54. Rh3 Kf4 55. Rf3+ Kg4 56. Rb3 e4 57. Rb8 e3 58. Re8 Rf2+ 59. Kg1 Kf4 60. Re7 Ra2 61. Kf1 Ra4 62. Ke2 Ra2+ 63. Kf1 Ra6 64. Re8 Rg6 65. Re7 Rb6 66. Ke2 Rb1 67. g3+ Kxg3 68. Rxe3+ Kg4 69. Kf2 Rb2+ 70. Kf1 Rh2 71. Kg1 Kf4 72. Ra3 Re2 73. Kf1 Re3 74. Ra2 Kg4 75. Kf2 Rh3 76. Ra4+ f4 77. Rb4 Rh2+ 78. Kf1 Kg3 79. Rb3+ f3 80. Kg1 Rc2 81. Rb1 Rg2+ 82. Kh1 Rh2+ 83. Kg1 f2+ 0-1

[Event "Crete-chT"]
[Site "Crete"]
[Date "2018.04.27"]
[Round "4.3"]
[White "Vitsaxakis, Nikolaos"]
[Black "Marountas, Ioannis"]
[Result "0-1"]
[WhiteElo "1937"]
[BlackElo "2001"]
[PlyCount "112"]
[EventDate "2018.04.09"]
[EventType "team-tourn"]
[EventRounds "7"]
[EventCountry "GRE"]
[SourceTitle "EXT 2019"]
[Source "ChessBase"]
[SourceDate "2018.10.10"]
[SourceVersion "1"]
[SourceVersionDate "2018.10.10"]
[SourceQuality "1"]

1. d4 Nf6 2. Bf4 g6 3. Nd2 Bg7 4. e4 d6 5. Ngf3 0-0 6. Bd3 Nfd7 7. Nc4 Nc6 8. c3 e5 9. dxe5 Ndxe5 10. Nfxe5 Nxe5 11. Be2 Nxc4 12. Bxc4 Qe7 13. Qe2 Be6 14. 0-0 Rfe8 15. Rae1 Rad8 16. Bg3 Qg5 17. Bxe6 Rxe6 18. Qe3 Qxe3 19. Rxe3 Rde8 20. Rfe1 Bh6 21. f4 f5 22. e5 dxe5 23. Rxe5 Rxe5 24. Rxe5 Rxe5 25. fxe5 f4 26. Bf2 a6 27. Bd4 Kf7 28. Kf2 Ke6 29. Kf3 Kf5 30. b3 g5 31. h3 Bf8 32. c4 h5 33. Bc3 g4+ 34. hxg4+ hxg4+ 35. Ke2 Ke4 36. Bb2 Be7 37. Bc3 Bh4 38. Bb2 f3+ 39. gxf3+ gxf3+ 40. Kf1 Kf5 41. Bd4 Bg3 42. e6 Kxe6 43. Bf2 Bf4 44. Bh4 Kf5 45. Kf2 Ke4 46. Bd8 Be3+ 47. Kg3 c6 48. Bh4 f2 49. Kg2 Kd3 50. Bxf2 Bxf2 51. Kxf2 Kc3 52. Ke3 Kb2 53. Kd4 Kxa2 54. b4 Kb3 55. Kc5 Ka4 56. Kb6 Kxb4 0-1

[Event "Heraklion Gazi op 13th"]
[Site "Heraklion"]
[Date "2017.08.03"]
[Round "7"]
[White "Brokalakis Gounaris, Christos"]
[Black "Marountas, Ioannis"]
[Result "1/2-1/2"]
[WhiteElo "1818"]
[BlackElo "2039"]
[PlyCount "41"]
[EventDate "2017.07.28"]
[EventType "swiss"]
[EventRounds "9"]
[EventCountry "GRE"]
[SourceTitle "CBM 179 Extra"]
[Source "ChessBase"]
[SourceDate "2017.08.23"]
[SourceVersion "1"]
[SourceVersionDate "2017.08.23"]
[SourceQuality "1"]

1. d4 Nf6 2. c4 g6 3. g3 Bg7 4. Bg2 0-0 5. Nf3 c6 6. Nc3 d5 7. cxd5 cxd5 8. Ne5 Nc6 9. 0-0 Nxe5 10. dxe5 Ng4 11. Bxd5 Nxe5 12. Qb3 Nc6 13. Bg2 Nd4 14. Qd1 Bg4 15. h3 Nxe2+ 16. Nxe2 Qxd1 17. Rxd1 Bxe2 18. Re1 Ba6 19. Rxe7 Rae8 20. Rxe8 Rxe8 21. Be3 1/2-1/2

[Event "Heraklion Gazi op 13th"]
[Site "Heraklion"]
[Date "2017.08.02"]
[Round "6"]
[White "Marountas, Ioannis"]
[Black "Fragiadakis, Emanouel"]
[Result "1/2-1/2"]
[WhiteElo "2039"]
[BlackElo "1834"]
[PlyCount "74"]
[EventDate "2017.07.28"]
[EventType "swiss"]
[EventRounds "9"]
[EventCountry "GRE"]
[SourceTitle "CBM 179 Extra"]
[Source "ChessBase"]
[SourceDate "2017.08.23"]
[SourceVersion "1"]
[SourceVersionDate "2017.08.23"]
[SourceQuality "1"]

1. c4 c5 2. g3 Nf6 3. Bg2 Nc6 4. Nc3 g6 5. e4 Bg7 6. Nge2 d6 7. 0-0 0-0 8. d3 a6 9. Rb1 Rb8 10. a3 b5 11. cxb5 axb5 12. b4 cxb4 13. axb4 e5 14. h3 Ne8 15. f4 exf4 16. Bxf4 Qb6+ 17. Kh2 Be6 18. Nd5 Bxd5 19. exd5 Ne7 20. Qb3 h6 21. Rbe1 Nf5 22. Be4 Nd4 23. Nxd4 Qxd4 24. Be3 Qc3 25. Qb1 f5 26. Bg2 g5 27. Kh1 Be5 28. Bf2 Ng7 29. Rc1 Qa3 30. d4 Bxg3 31. Bg1 Bf4 32. Rc6 Nh5 33. Rf3 Ng3+ 34. Kh2 Nf1+ 35. Kh1 Ng3+ 36. Kh2 Nf1+ 37. Kh1 Ng3+ 1/2-1/2

[Event "Heraklion op 17th"]
[Site "Heraklion"]
[Date "2016.05.03"]
[Round "3"]
[White "Tsihlis, Ioannis"]
[Black "Marountas, Ioannis"]
[Result "1/2-1/2"]
[WhiteElo "1471"]
[BlackElo "2074"]
[PlyCount "47"]
[EventDate "2016.05.02"]
[EventType "swiss"]
[EventRounds "9"]
[EventCountry "GRE"]
[SourceTitle "CBM 172 Extra"]
[Source "ChessBase"]
[SourceDate "2016.06.21"]
[SourceVersion "1"]
[SourceVersionDate "2016.06.21"]
[SourceQuality "1"]

1. d4 Nf6 2. Nf3 g6 3. Bg5 Bg7 4. Nbd2 d5 5. e3 0-0 6. c3 Nbd7 7. Bd3 b6 8. 0-0 Bb7 9. a4 Qe8 10. Bxf6 Bxf6 11. e4 e6 12. a5 c5 13. e5 Bg7 14. b4 f6 15. exf6 Bxf6 16. axb6 axb6 17. Bb5 Qe7 18. bxc5 bxc5 19. Qe2 cxd4 20. cxd4 Nb6 21. Rxa8 Nxa8 22. Re1 Nc7 23. Bd3 Qd6 24. Ne5 1/2-1/2

[Event "Rethymno op 6th"]
[Site "Rethymno"]
[Date "2014.07.17"]
[Round "7"]
[White "Christiansen, Johan Sebastian"]
[Black "Marountas, Ioannis"]
[Result "1-0"]
[WhiteElo "2252"]
[BlackElo "2129"]
[PlyCount "113"]
[EventDate "2014.07.12"]
[EventType "swiss"]
[EventRounds "9"]
[EventCountry "GRE"]
[SourceTitle "CBM 161 Extra"]
[Source "ChessBase"]
[SourceDate "2014.08.29"]
[SourceVersion "1"]
[SourceVersionDate "2014.08.29"]
[SourceQuality "1"]

1. c4 b6 2. Nc3 Bb7 3. d4 e6 4. e4 Bb4 5. f3 d5 6. Qa4+ Nc6 7. cxd5 exd5 8. Bb5 Bxc3+ 9. bxc3 Qd7 10. exd5 Qxd5 11. c4 Qe6+ 12. Ne2 a6 13. d5 axb5 14. Qxa8+ Bxa8 15. dxe6 bxc4 16. exf7+ Kxf7 17. Nc3 Nd4 18. Kf2 Nf6 19. Bf4 Ne6 20. Be3 Bc6 21. Rab1 Ra8 22. Rb4 b5 23. a4 bxa4 24. Rxc4 Bd7 25. Ra1 Rb8 26. Bc1 Rb3 27. Ra3 Rb7 28. Nxa4 Bxa4 29. Raxa4 Nd5 30. Ra5 c5 31. Ra2 Nb4 32. Rd2 Ra7 33. Bb2 Ra2 34. Bc3 Rxd2+ 35. Bxd2 Nc6 36. Be3 h6 37. f4 g6 38. Bxc5 h5 39. Ba3 Ncd4 40. g3 Nf5 41. Ra4 Ned4 42. Ra7+ Ke6 43. Ra6+ Kf7 44. Bb2 Ne6 45. Ra7+ Ke8 46. Kf3 Nc5 47. Bc3 Kd8 48. h3 Nd7 49. Ra6 Ne7 50. Bf6 Nxf6 51. Rxf6 Ke8 52. g4 hxg4+ 53. hxg4 Kd7 54. Kg3 Ke8 55. Kh4 Nd5 56. Kg5 Nxf6 57. Kxf6 1-0

[Event "Rethymno op 5th"]
[Site "Rethymno"]
[Date "2013.08.01"]
[Round "6"]
[White "Marountas, Ioannis"]
[Black "Post, Maarten"]
[Result "1-0"]
[WhiteElo "2128"]
[BlackElo "1936"]
[PlyCount "77"]
[EventDate "2013.07.28"]
[EventType "swiss"]
[EventRounds "9"]
[EventCountry "GRE"]
[SourceTitle "CBM 155 Extra"]
[Source "ChessBase"]
[SourceDate "2013.08.26"]
[SourceVersion "1"]
[SourceVersionDate "2013.08.26"]
[SourceQuality "1"]

1. c4 Nf6 2. g3 g6 3. Bg2 Bg7 4. Nc3 d6 5. e4 Nc6 6. Nge2 0-0 7. 0-0 e5 8. d3 Ne7 9. Rb1 c6 10. d4 Qc7 11. h3 Nd7 12. Bg5 f6 13. Be3 f5 14. f4 fxe4 15. Nxe4 Nf5 16. Bf2 exf4 17. Nxf4 Nf6 18. d5 Nxe4 19. Bxe4 Re8 20. dxc6 bxc6 21. Re1 Bd7 22. Bg2 Rxe1+ 23. Qxe1 Re8 24. Qd2 Be5 25. Rd1 Qd8 26. g4 Nh4 27. Nd3 Nxg2 28. Nxe5 Nf4 29. Qxf4 dxe5 30. Qd2 Re7 31. Bxa7 Qc7 32. Bc5 Rf7 33. Qe3 Be6 34. Bb6 Qb7 35. Rd8+ Rf8 36. Rxf8+ Kxf8 37. Bc5+ Kg8 38. Qxe5 Qd7 39. Bd4 1-0

[Event "Rethymno op 5th"]
[Site "Rethymno"]
[Date "2013.07.29"]
[Round "3"]
[White "Thomassin, Alexandre"]
[Black "Marountas, Ioannis"]
[Result "0-1"]
[WhiteElo "1807"]
[BlackElo "2128"]
[PlyCount "74"]
[EventDate "2013.07.28"]
[EventType "swiss"]
[EventRounds "9"]
[EventCountry "GRE"]
[SourceTitle "CBM 155 Extra"]
[Source "ChessBase"]
[SourceDate "2013.08.26"]
[SourceVersion "1"]
[SourceVersionDate "2013.08.26"]
[SourceQuality "1"]

1. d4 Nf6 2. c4 g6 3. Nc3 d5 4. Nf3 Bg7 5. g3 0-0 6. Bg2 c6 7. cxd5 cxd5 8. 0-0 Nc6 9. Bf4 Nh5 10. Be3 e6 11. Qd2 Re8 12. Rad1 a6 13. Bh6 f5 14. Bxg7 Kxg7 15. Rc1 Bd7 16. Na4 b6 17. b3 Nf6 18. h4 Rc8 19. Nb2 Qe7 20. Nd3 Rc7 21. Qf4 Rec8 22. Nfe5 Nxe5 23. Qxe5 Bb5 24. Rxc7 Qxc7 25. Nf4 Bd7 26. Nxd5 Qxe5 27. dxe5 Nxd5 28. Bxd5 exd5 29. Rd1 Be6 30. Rd2 Kf7 31. f4 Ke7 32. Kf2 Rc1 33. Ke3 Kd7 34. Rd4 Kc6 35. Kd2 Ra1 36. a4 Ra2+ 37. Kd3 Rb2 0-1